|
|
|
|
| LEADER |
00000nam0a2200000 4500 |
| 001 |
64873 |
| 005 |
20231031070027.0 |
| 010 |
|
|
|a 5935172593
|
| 035 |
|
|
|a (RuTPU)RU\TPU\book\68876
|
| 090 |
|
|
|a 64873
|
| 100 |
|
|
|a 20040610d2005 k y0rusy50 ca
|
| 101 |
0 |
|
|a rus
|
| 102 |
|
|
|a RU
|
| 105 |
|
|
|a a z 001zy
|
| 200 |
1 |
|
|a Сетевые структуры телекоммуникационной индустрии: зарубежный опыт и российские перспективы
|f И. И. Корнеев, С. Г. Фень
|
| 210 |
|
|
|a М
|c Горячая линия-Телеком
|d 2005
|
| 215 |
|
|
|a 136 с.
|c ил.
|
| 225 |
1 |
|
|a Телекоммуникации, экономика и бизнес
|
| 320 |
|
|
|a Библиогр.: с. 126-132.
|
| 330 |
|
|
|a Систематизированы сведения об интеграционных процессах, происходящих в мировой экономике и их влиянии на динамику развития телекоммуникационной индустрии в нашей стране и за рубежом. Рассмотрена существующая объединенная структура зарубежного телекоммуникационного рынка и ее перспективы. Отражено состояние отечественного телекоммуникационного рынка, приведены материалы, посвященные государственной политике по развитию отечественной телекоммуникационной индустрии. Дана оценка актуальному явлению современной мировой экономики - стратегическим альянсам, как средству завоевания и удержания глобального преимущества на мировых рынках путем объединения возможностей и ресурсов членов альянсов. На основании проведенного анализа предложены меры по повышению эффективности телекоммуникационного рынка России, основными из которых являются изменение инвестиционной политики и создание государственной программы по реализации телекоммуникационной инфраструктуры на территории страны. Для государственных служащих, участвующих в разработке и реализации государственной политики в области телекоммуникаций, менеджеров и руководителей экономических служб предприятий, преподавателей, может быть полезна студентам и аспирантам соответствующих специальностей.
|
| 610 |
1 |
|
|a экономика
|
| 610 |
1 |
|
|a информация
|
| 610 |
1 |
|
|a телекоммуникации
|
| 610 |
1 |
|
|a информационный бизнес
|
| 610 |
1 |
|
|a мировая экономика
|
| 610 |
1 |
|
|a телекоммуникационный бизнес
|
| 610 |
1 |
|
|a рыночная экономика
|
| 610 |
1 |
|
|a государственное регулирование
|
| 610 |
1 |
|
|a Россия
|
| 686 |
|
|
|a У9(2)39
|2 rubbk
|
| 700 |
|
1 |
|a Корнеев
|b И. Н.
|g Игорь Николаевич
|
| 701 |
|
1 |
|a Фень
|b С. Г.
|g Сергей Григорьевич
|
| 801 |
|
1 |
|a RU
|b 63413507
|c 20040610
|g PSBO
|
| 801 |
|
2 |
|a RU
|b 63413507
|c 20060830
|g PSBO
|
| 942 |
|
|
|c BK
|